000 01103cai a2200193 4500
001 ##WS133760
008 060608n2012 000 0 eng u
035 _a(Sirsi) u133760
041 0 _aeng
110 2 _aNHBC Foundation
_94948
245 0 0 _aNHBC foundation
_bhousing research in partnership with BRE trust
_h[electronic resource]
520 _aSince its inception in 2006, the NHBC Foundation's work has focused primarily on the sustainability agenda and the challenges of the government's 2016 zero carbon homes target. Collaborative website promoting best practice use of innovative and non-conventional housing systems, components and technologies; research projects; and an extensive list of publications which require you to login to download or view.
651 4 _aUnited Kingdom
_y
690 _aSustainability
_96271
690 _aResidential property
_96266
690 _aConstruction management
_96230
856 4 0 _uhttps://www.nhbcfoundation.org/Home/tabid/335/Default.aspx
_zView the website free of charge or register to download publications at www.nhbcfoundation.org
942 _n0
999 _c120489
_d120489